书目信息 |
| 题名: |
无线射频识别技术(RFID)理论与应用
|
|
| 作者: | 游战清 编著 | |
| 分册: | ||
| 出版信息: | 北京 电子工业出版社 2004.10 |
|
| 页数: | XI,285页 | |
| 开本: | 24cm | |
| 丛书名: | ||
| 单 册: | ||
| 中图分类: | TN911.23 | |
| 科图分类: | ||
| 主题词: | 射频--she pin--无线电信号--信号识别 , 无线电信号--wu xian dian xin hao , 信号识别--xin hao shi bie , 射频--she pin | |
| 电子资源: | ||
| ISBN: | 7-121-00326-0 | |
| 000 | 01078nam0 2200301 450 | |
| 001 | CAL 012006048069 | |
| 005 | 20061030104657.93 | |
| 010 | @a7-121-00326-0@dCNY29.00 | |
| 099 | @aCAL 012006048069 | |
| 100 | @a20060918d2004 em y0chiy0120 ea | |
| 101 | 0 | @achi |
| 102 | @aCN@b110000 | |
| 105 | @aa a 000yy | |
| 200 | 1 | @a无线射频识别技术(RFID)理论与应用@Awu xian she pin shi bie ji shu (RFID) li lun yu ying yong@f游战清 … [等]编著 |
| 210 | @a北京@c电子工业出版社@d2004.10 | |
| 215 | @aXI,285页@c图@d24cm | |
| 304 | @a本书编著者为: 游战清、李苏剑、张益强编著 | |
| 320 | @a有书目 (第284-285页) | |
| 330 | @a本书主要介绍了无线射频识别技术的基本工作原理和具体应用, 并列举了大量的实例, 如动物识别管理、配送中心管理、矿井管理等。 | |
| 333 | @a阅读对象: 信息化工作者 | |
| 606 | 0 | @a射频@Ashe pin@x无线电信号@x信号识别 |
| 606 | 0 | @a无线电信号@Awu xian dian xin hao |
| 606 | 0 | @a信号识别@Axin hao shi bie |
| 606 | 0 | @a射频@Ashe pin |
| 690 | @aTN911.23@v4 | |
| 701 | 0 | @a游战清@Ayou zhan qing@4编著 |
| 801 | 0 | @aCN@c20061030 |
| 905 | @apdsgxy@dTN911.23@eY687 | |
| 无线射频识别技术(RFID)理论与应用/游战清 … [等]编著.-北京:电子工业出版社,2004.10 |
| XI,285页:图;24cm |
| 使用对象:阅读对象: 信息化工作者 |
| ISBN 7-121-00326-0:CNY29.00 |
| 本书主要介绍了无线射频识别技术的基本工作原理和具体应用, 并列举了大量的实例, 如动物识别管理、配送中心管理、矿井管理等。 |
| ● |
| 相关链接 |
|
|
|
正题名:无线射频识别技术(RFID)理论与应用
索取号:TN911.23/Y687
 
预约/预借
| 序号 | 登录号 | 条形码 | 馆藏地/架位号 | 状态 | 备注 |
| 1 | 633822 | 206338220 | 自科库301/301自科库 34排2列4层/ [索取号:TN911.23/Y687] | 在馆 | |
| 2 | 633823 | 206338239 | 自科二线400A/400A自科库 5排1列6层/ [索取号:TN911.23/Y687] | 在馆 | |
| 3 | 633824 | 206338248 | 自科库301/301自科库 34排2列4层/ [索取号:TN911.23/Y687] | 在馆 |